ZSRR - prawda czy fałsz? - Statystyki

Ogólne statystyki
  • Ten quiz został rozwiązany 7 039 razy
  • Średni wynik to 11 z 15
Statystyki odpowiedzi
Zagadnienie Odpowiedź % Poprawnych
Flaga ZSRR była w większości czerwona Prawda
99%
Kazachstan był częścią Związku Radzieckiego Prawda
92%
ZSRR podpisał pakt o nieagresji z nazistowskimi Niemcami Prawda
85%
ZSRR był pierwszym krajem, który wysłał satelitę na orbitę okołoziemską Prawda
84%
Związek Radziecki przeniósł rakiety nuklearne na Kubę w 1962 roku, ale wkrótce potem je usunął Prawda
83%
W latach 1925–1961 miasto Moskwa nosiło nazwę Stalingrad Fałsz
77%
W Związku Radzieckim zakazano pieniędzy Fałsz
76%
ZSRR najechał Afganistan Prawda
75%
Układ Warszawski obejmował Chiny, Koreę Północną i (po 1975 r.) Wietnam Fałsz
74%
Około 30% członków Biura Politycznego stanowiły kobiety Fałsz
67%
Na łożu śmierci Lenin ogłosił Stalina swoim następcą Fałsz
65%
Tetris został wynaleziony w Związku Radzieckim Prawda
65%
ZSRR wylądował człowieka na Księżycu około 4 lata po tym, jak zrobiły to Stany Zjednoczone Fałsz
57%
W 1989 roku ZSRR miał większą populację niż Stany Zjednoczone Prawda
47%
Sowieci mieli bazę wojskową na biegunie północnym Fałsz
32%
Nie znaleziono quizów pasujących do podanych kryteriów
Rozkład punktacji
Procent ludzi z każdym wynikiem
Percentyl według liczby udzielonych odpowiedzi
Twoja historia wyników
Nie rozwiązałeś tego quizu